|
|
|
|
| LEADER |
00000nam a22000007a 4500 |
| 005 |
20131218172658.0 |
| 007 |
cr|||| |||| |
| 008 |
131218s2013 sp |||||s|||| 00||0 spa d |
| 020 |
|
|
|a 978-84-9031-722-8
|
| 035 |
|
|
|a 11698
|
| 040 |
|
|
|a vLex
|
| 090 |
|
|
|c 4643
|d 4643
|
| 100 |
1 |
|
|a Ibaęz Peinado, Još
|
| 245 |
1 |
0 |
|a Tčnicas de Investigacin̤ Criminal (2.® edicin̤)
|h [Recurso electrn̤ico] /
|c Jos ̌Ibaęz Peinado
|
| 250 |
|
|
|a 2ð edicin̤
|
| 256 |
|
|
|a Servicio en ln̕ea
|
| 260 |
|
|
|a Madrid :
|b Dykinson,
|c 2013
|
| 300 |
|
|
|a 1 recurso electrn̤ico
|
| 506 |
1 |
|
|a Contenido solo disponible en los productos indicados
|d vLex Global
|d vLex Global (Academic Edition, excluding Law Schools)
|d vLex Global (U.S. Academic Edition, Law Schools)
|d vLex Global (U.S. Academic Edition, excluding Law Schools)
|d vLex Global (Academic Edition, Law Schools)
|
| 650 |
0 |
4 |
|a Investigacin̤ Criminal
|
| 740 |
0 |
|
|a vLex Libros (Servicio en ln̕ea)
|
| 856 |
4 |
0 |
|u http://vlex.com/source/tecnicas-investigacion-criminal-11698
|z Acceso restringido
|
| 942 |
|
|
|c BOOK
|
| 999 |
0 |
|
|a Criminal investigation
|